Language Quiz

Random Language or Spanish Quiz

Spanish Family Members Quiz Stats

 Plays Quiz not verified by Sporcle

Score 0/28 Timer 03:00
0 Plays Today
Spanish English % Correct
El PadreDad
99.3%
La MadreMom
99.1%
El AbueloGrandpa
96.4%
La AbuelaGrandma
96.2%
El HermanoBrother
96.1%
La HermanaSister
96.1%
La TiaAunt
94.6%
El TioUncle
94.4%
La PrimaCousin
91.3%
El PrimoCousin
91%
El HijoSon
90.7%
La HijaDaughter
89.3%
El BisabueloGreat Grandpa
75%
La BisabuelaGreat Grandma
75%
Spanish English % Correct
El PadrastroStepfather
74.3%
La MadrastaStepmother
74%
La HermanastraStepsister
73.6%
El HermanatroStepbrother
73%
El SobrinoNephew
65.7%
La SobrinaNiece
65.7%
El CunadoBrother-in-Law
55.7%
La CunadaSister-in-Law
54.8%
El NovioGroom
52.5%
La NoviaBride
52.2%
Los GemalosTwins
51.2%
Los TrizillosTriplets
47.2%
Los CuatrillizosQuadruplets
38.6%
Los QuintillizosQuintuplets
33.7%

You're not logged in!

Compare scores with friends on all Sporcle quizzes.
OR
Log In

Show Comments

Extras

Top Quizzes Today


Score Distribution

Your Account Isn't Verified!

In order to create a playlist on Sporcle, you need to verify the email address you used during registration. Go to your Sporcle Settings to finish the process.

Report this User

Report this user for behavior that violates our Community Guidelines.

Details: